| 000 | 00488nam a22001577a 4500 | ||
|---|---|---|---|
| 008 | 131219b xxu||||| |||| 00| 0 eng d | ||
| 020 | _a0802137946 | ||
| 050 | _aG242.F64 2000 | ||
| 100 |
_aFleming, Fergus _95942 |
||
| 245 |
_aBarrow's Boys _c Fergus Fleming |
||
| 260 |
_aNew York _bGrove Press _c2000 |
||
| 300 |
_aix; 489p.; _c23cm |
||
| 600 |
_aBarrow, John _95943 |
||
| 650 |
_aDecoveries in geography _xBritish _xHistory _xExplorers _zGreat Britain _95944 |
||
| 942 |
_2lcc _cMONOGRAPH |
||
| 999 |
_c119347 _d119347 |
||